• 首页
  • 本馆介绍
  • 公告通知
  • 最新文献
  • 馆藏检索
  • 电子资源
  • 读者导购
  • 参考咨询
  • 我的图书馆
  • 登录
  • 详细信息显示
  • 放入我的书架
  • 预约/预借图书
  • 作者相关作品
  • 分类相关作品
  • 丛书相关作品
  • 出版社相关作品

书目信息

  • 表格格式
  • 工作单格式
  • 卡片格式
题名:
政治理论学习词典
    
 
作者: 张念宏 , 刘松柏 主编
分册:  
出版信息: 北京   冶金工业出版社  1987
页数: 370页
开本: 20cm
丛书名:
单 册:
中图分类: D0-61
科图分类:
主题词: 政治理论--词典
电子资源:
ISBN:
000 00692nam0 2200241 45
001 0187000390
005 20050324110528.3
010    @b精装@dCNY4.65
091    @a17062.4553
100    @a19931115d1987 em y0chiy0121 ea
101 0  @achi
102    @aCN@b110000
105    @af e 000yy
200 10 @a政治理论学习词典@Azheng zhi li lun xue xi ci dian@f张念宏,刘松柏主编@FZhang Nian Hong,Liu Song Bai Zhu Bian
210    @a北京@c冶金工业出版社@d1987
215    @a370页@c图@d20cm
606 0  @a政治理论@x词典
690    @aD0-61@v3
701  0 @a张念宏@4主编
701  0 @a刘松柏@4主编
801  0 @aCN@b深圳图书馆@c20050324
801  2 @aCN@bNLC@c20050324
905    @f1@b205686@dD0-61@e63
    
    政治理论学习词典/张念宏,刘松柏主编.-北京:冶金工业出版社,1987
    370页:图;20cm
    
    
    ISBN (精装):CNY4.65
    
●
相关链接 在E读中查询图书 在五车中查询图书 在当当中查询图书 在豆瓣中查询图书


正题名:政治理论学习词典     索取号:D0-61/63         预约/预借

序号 登录号 条形码 馆藏地/架位号 状态 备注
1 0205685   001572051   密集书库/ [索取号:D0-61/63] 在馆    
2 0205686   001986612   工具书阅览室/ [索取号:D0-61/63] 在馆    
3 0208687   002044479   第一样本阅览室/ [索取号:D0-61/63] 在馆    
唐山师范学院图书馆 欢迎您!
大连网信软件有限公司© 版权所有